000 00331nam a2200133Ia 4500
008 220217s9999||||xx |||||||||||||| ||und||
020 _a0333-90406-0
082 _a005.453 DHA
100 _aDhamdhere
245 0 _aCompiler construction
260 _aMacmillan
_bDelhi
_c2003
300 _b195
650 _aOperating systems
999 _c173425
_d173425